[Event "AUT-ch Blitz"]
[Site "Innsbruck"]
[Date "2024.06.01"]
[Round "5"]
[White "Khalakhan, Jurij"]
[Black "Dzelalagic, Amir"]
[Result "1-0"]
[WhiteElo "2090"]
[BlackElo "1926"]
[PlyCount "75"]
[EventDate "2024.06.01"]
[EventType "swiss (blitz)"]
[EventRounds "11"]
[EventCountry "AUT"]
[SourceTitle "CB23_2024"]
[SourceDate "2024.06.05"]
[SourceVersion "1"]
[SourceVersionDate "2024.06.05"]
[SourceQuality "1"]

1. b3 d5 2. Bb2 c6 3. g3 Nf6 4. Bg2 e6 5. d3 Nbd7 6. Nd2 b6 7. h3 Be7 8. e4 Qc7 9. f4 Bb7 10. Ne2 c5 11. e5 Ng8 12. 0-0 Nh6 13. g4 0-0 14. c4 a6 15. Qe1 f5 16. g5 Nf7 17. cxd5 Bxd5 18. Bxd5 exd5 19. e6 Nd6 20. exd7 Qxd7 21. Nf3 Nb5 22. Ne5 Qc7 23. Rc1 Rad8 24. Nd4 Nxd4 25. Bxd4 Qd6 26. Bf2 d4 27. Qe2 Rde8 28. Rce1 Qd5 29. Qf3 Qxf3 30. Nxf3 b5 31. Kg2 Bd6 32. Kg3 h6 33. h4 h5 34. g6 a5 35. Ng5 a4 36. Rxe8 Rxe8 37. Re1 Rd8 38. Nf7 1-0

[Event "AUT-ch Rapid"]
[Site "Innsbruck"]
[Date "2024.05.31"]
[Round "8"]
[White "Dzelalagic, Amir"]
[Black "Muehlbacher, Bernhard"]
[Result "0-1"]
[WhiteElo "1926"]
[BlackElo "1969"]
[PlyCount "104"]
[EventDate "2024.05.30"]
[EventType "swiss (rapid)"]
[EventRounds "9"]
[EventCountry "AUT"]
[SourceTitle "CB23_2024"]
[SourceDate "2024.06.05"]
[SourceVersion "1"]
[SourceVersionDate "2024.06.05"]
[SourceQuality "1"]

1. d4 Nf6 2. c4 g6 3. Nc3 d5 4. cxd5 Nxd5 5. e4 Nxc3 6. bxc3 Bg7 7. Nf3 0-0 8. Be2 c5 9. Be3 Nc6 10. 0-0 Qa5 11. Bd2 Qc7 12. e5 Rd8 13. Bf4 Bg4 14. Qc1 e6 15. Rd1 Qa5 16. Qb2 cxd4 17. cxd4 Rab8 18. h3 Bxf3 19. Bxf3 h6 20. Be3 Ne7 21. Rac1 Nd5 22. Bxd5 Rxd5 23. Rd3 Bf8 24. Rcc3 b5 25. Qd2 Bb4 26. Bxh6 Bxc3 27. Rxc3 Kh7 28. Qe3 Rbd8 29. Rd3 Qb6 30. Bg5 R8d7 31. Qg3 Rxd4 32. Be3 Rxd3 33. Qh4+ Kg8 34. Bxb6 axb6 35. Qe4 R7d5 36. Kh2 Rd2 37. Qe3 Rxa2 38. Qxb6 Rdd2 39. Kg3 b4 40. h4 Rxf2 41. Qxb4 Rxg2+ 42. Kh3 Rh2+ 43. Kg3 Rag2+ 44. Kf3 Rd2 45. Kg3 Rhg2+ 46. Kf3 Rgf2+ 47. Kg3 Rb2 48. Qa5 Rfd2 49. Qa8+ Kg7 50. Qa3 Rg2+ 51. Kf3 Rbf2+ 52. Ke3 Rg3+ 0-1